All LATAM Chile Destinations (2022) - Statistics

General Stats
  • This quiz has been taken 144 times
    95 since last reset
  • The average score is 36 of 50
Answer Stats
Hint Answer % Correct
Argentina Buenos Aires (AEP)
100%
Argentina Buenos Aires (EZE)
100%
Peru Lima
99%
Mexico Mexico City
99%
Brazil Rio de Janeiro
99%
Colombia Bogota
97%
USA New York (JFK)
97%
France Paris
97%
Australia Sydney
97%
New Zealand Auckland
96%
Spain Madrid
96%
Brazil Sao Paulo
96%
Canada Toronto (YYZ)
96%
USA Los Angeles
95%
Australia Melbourne**
95%
USA MIami
95%
Chile Santiago
95%
Bolivia La Paz
93%
Mexico Cancun
92%
Uruguay Montevideo
92%
Ecuador Quito
92%
Paraguay Asuncion
88%
Argentina Cordoba
78%
Argentina Mendoza
78%
Dominican Republic Punta Cana
77%
Bolivia Santa Cruz
73%
Ecuador Guayaquil
71%
Chile Antofagasta
66%
Chile Punta Arenas
63%
Chile Puerto Montt
60%
Chile Concepcion
59%
Argentina Ushuaia*
59%
Brazil Curitiba
58%
Chile Arica
56%
Chile Iquique
55%
Uruguay Punta Del Este*
55%
Brazil Florianopolis*
52%
Chile La Serena
52%
Falkland Islands Stanley
51%
Chile Temuco
47%
Chile Calama
45%
Argentina Salta*
45%
Chile Valdivia
45%
Chile Copiapo
41%
Chile Easter Island
40%
Chile Puerto Natales*
36%
Chile Osorno
34%
Chile Balmaceda
30%
Chile Castro
29%
Argentina Rio Gallegos
19%
No matching quizzes found
Score Distribution
Percent of People with Each Score
Percentile by Number Answered
Your Score History
You have not taken this quiz since the last reset